Historia de nuestro himno nacional. (Registro nro. 13359)
[ vista simple ]
| 000 -LIDER | |
|---|---|
| fixed length control field | 00654nam a2200229 a 4500 |
| 001 - NÚMERO DE CONTROL | |
| Identificador de número de control | 000036055 |
| 003 - IDENTIFICACDOR DE NÚMERO DE CONTROL | |
| control field | DO-SdBNP |
| 005 - DATE AND TIME OF LATEST TRANSACTION | |
| control field | 20180328090206.0 |
| 008 - ELEMENTOS DE LONGITUD FIJA | |
| fixed length control field | 111125s1999 dr a 000 0 spa d |
| 040 ## - FUENTE DE CATALOGACIÓN | |
| Agencia que crea de manera original el registro | BNPHU |
| Idioma de catalogación | spa |
| Agencia que realiza la transcripción | BNPHU |
| 092 ## - LOCALLY ASSIGNED DEWEY DECIMAL CALL NUMBER | |
| Número de clasificación | xxxx |
| Número de ítem (Cutter) | M491, 1999 |
| 100 1# - ASIENTO PRINCIPAL -- NOMBRE PERSONAL | |
| Nombre personal | Medina, Ramona |
| 245 10 - MENCIÓN DE TITULO | |
| Título | Historia de nuestro himno nacional. |
| 250 ## - MENCIÓN DE EDICION | |
| Mención de edición | 2a ed. |
| 260 ## - PUBLICACIÓN, DISTRIBUCIÓN, ETC. (PIE DE IMPRENTA) | |
| Lugar de publicación, distribución, etc | Santo Domingo : |
| Nombre del editor, distribuidor, etc. | Editora de Colores, |
| Fecha de publicación, distribución, etc | 1999. |
| 300 ## - DESCRIPCIÓN FÍSICA | |
| Extensión | 39 p. : |
| Otros detalles físicos | il. |
| 490 1# - MENCIÓN DE SERIES | |
| Mención de serie | Ediciones d´Domicanos |
| -- | Serie |
| Volume/sequential designation | 1 |
| 830 #0 - ASIENTO SECUNDARIO DE SERIE--TÍTULO UNIFORME | |
| Título uniforme | Ediciones d´Domicanos |
| Nombre de la parte o sección de una obra | Serie |
| Volume number/sequential designation | 1 |
| 942 ## - ADDED ENTRY ELEMENTS (KOHA) | |
| Source of classification or shelving scheme | Dewey Decimal Classification |
| Koha item type | Libros |
| 945 ## - INFORMACIÓN DE PROCESAMIENTO LOCAL | |
| Información de procesamiento local | Inventariado / 2018 VM |
| 956 ## - LOCAL ELECTRONIC LOCATION AND ACCESS (OCLC) | |
| Nombre de host | VMATEO |
| Número de acceso | 10 |
| Información de compresión | 20180329 |
| Inicio de sesión | BPMSU |
| Procesador de solicitud | 0069 |
| Withdrawn status | Lost status | Source of classification or shelving scheme | Damaged status | Not for loan | Collection code | Home library | Current library | Date acquired | Total Checkouts | Barcode | Date last seen | Price effective from | Koha item type | Uniform Resource Identifier |
|---|---|---|---|---|---|---|---|---|---|---|---|---|---|---|
| Dewey Decimal Classification | Colección Infantil Dominicana | Biblioteca Pública Metropolitana Salomé Ureña | Biblioteca Pública Metropolitana Salomé Ureña | 03/28/2018 | BPMSU18030075 | 03/28/2018 | 03/28/2018 | Libros | ||||||
| Dewey Decimal Classification | Colección Infantil Dominicana | Biblioteca Pública Metropolitana Salomé Ureña | Biblioteca Pública Metropolitana Salomé Ureña | 03/28/2018 | BPMSU18030076 | 03/28/2018 | 03/28/2018 | Libros | e. 2 |